000 00883nmc a2200301 a 4500
003 AR-BaBNM
005 20251128203046.0
008 116119s1961 ||||||||||||||000 | spa||
040 _cAR-BaBNM
100 1 _aLuzuriaga, Lorenzo
245 1 0 _aPedagogía social y política
250 _a3ª ed.
260 _aBuenos Aires
_bLosada
_c1961
300 0 _a235 p.
490 0 _aPublicaciones de la Revista de Pedagogía. Biblioteca Pedagógica
500 0 _aContiene índice de autores en p. 229-231
504 _aBibliografía: p. 225-228
650 4 _aPEDAGOGIA
650 4 _aTEORIAS DEL APRENDIZAJE
650 4 _aHISTORIA DE LA EDUCACION
650 4 _aESTADO Y EDUCACION
650 4 _aEDUCACION DE ADULTOS
650 4 _aRELACION ESCUELA-COMUNIDAD
650 4 _aRELACION FAMILIA-ESCUELA
800 1 _aLuzuriaga, Lorenzo
_edirector
942 _cBK
998 _cSILVI
999 _c1697
_d1697